[Event "Oslo OSS-ch Junior-B"]
[Site "Oslo"]
[Date "2020.06.24"]
[Round "2"]
[White "Furulund, Eirik Eikeland"]
[Black "Shi, Johnson"]
[Result "0-1"]
[WhiteElo "1261"]
[BlackElo "1189"]
[PlyCount "116"]
[EventDate "2020.06.24"]
[EventType "swiss"]
[EventRounds "5"]
[EventCountry "NOR"]
[SourceTitle "EXT 2024"]
[Source "ChessBase"]
[SourceDate "2023.10.10"]
[SourceVersion "1"]
[SourceVersionDate "2023.10.10"]
[SourceQuality "1"]

1. e4 c5 2. Nf3 d6 3. d4 cxd4 4. Nxd4 Nf6 5. Nc3 a6 6. Be3 e5 7. Nf3 Be7 8. Bc4 Be6 9. Bb3 h6 10. 0-0 0-0 11. Nd2 b5 12. f4 Ng4 13. Qe2 Nxe3 14. Qxe3 Bxb3 15. axb3 Qc8 16. Nd5 Bd8 17. Qc3 Nd7 18. Nf3 Qxc3 19. bxc3 exf4 20. Nxf4 Bb6+ 21. Nd4 Rfc8 22. Nd5 Bxd4+ 23. cxd4 Rxc2 24. Rf2 Rxf2 25. Kxf2 Nf6 26. Nc7 Rc8 27. Nd5 Rc2+ 28. Kf3 Nxd5 29. exd5 Rc3+ 30. Ke4 Kf8 31. Rxa6 Rxb3 32. Rxd6 Ke7 33. Rb6 Rb2 34. d6+ Kd7 35. Kd5 Rxg2 36. Rb7+ Ke8 37. Rb8+ Kd7 38. Rb7+ Ke8 39. Kc6 Rc2+ 40. Kd5 Rg2 41. Rxb5 Rg5+ 42. Kc6 Rxb5 43. Kxb5 Kd7 44. Kc5 g5 45. Kd5 f6 46. h3 h5 47. Ke4 Kxd6 48. Kf5 Kd5 49. Kxf6 g4 50. h4 g3 51. Kg5 g2 52. Kxh5 g1Q 53. Kh6 Qg8 54. h5 Qh8+ 55. Kg6 Kxd4 56. h6 Ke5 57. h7 Ke6 58. Kh6 Kf7 0-1